000 00594nam a22002297a 4500
003 UA-OsUOA
001 87035
007 ta
008 20120913b un ||||| |||| 00| 0 ukr d
100 _aВладимиров С.
090 _a82.09
_bВ 57
942 _cBK
040 _aUA-OsUOA
_brus
_cUA-OsUOA
_dUA-OsUOA
245 _aОб эстетических взглядах Маяковского
300 _a240 с.
955 _a3
041 _arus
080 _a82.09
260 _aЛенинград
_bСоветский писатель
_c1959
650 7 _2UDC
999 _c373333
_d373333